Chiffres et nombres de 1 à 100 en 30 secondes - Statistiques

Statistiques générales
  • Ce quiz a été pris 290 fois
  • Le résultat moyen est 27 sur 100
Statistiques - réponses
Réponse % Correct
1
96%
2
89%
3
85%
4
85%
5
85%
7
85%
8
85%
9
85%
6
81%
10
74%
13
74%
11
67%
14
67%
15
67%
12
63%
16
63%
21
63%
17
56%
18
56%
19
56%
20
52%
22
48%
32
44%
31
41%
27
37%
28
37%
35
37%
41
37%
42
37%
23
33%
24
33%
25
33%
26
33%
29
33%
33
33%
34
33%
36
33%
37
33%
38
33%
30
30%
39
30%
40
30%
43
26%
44
26%
46
26%
45
22%
52
22%
47
19%
51
19%
49
15%
61
15%
62
15%
71
15%
72
15%
48
11%
50
11%
53
11%
54
11%
55
11%
81
11%
82
11%
56
7%
57
7%
58
7%
59
7%
66
7%
67
7%
77
7%
91
7%
93
7%
60
4%
63
4%
64
4%
65
4%
68
4%
69
4%
70
4%
73
4%
74
4%
75
4%
76
4%
87
4%
89
4%
92
4%
99
4%
100
0%
78
0%
79
0%
80
0%
83
0%
84
0%
85
0%
86
0%
88
0%
90
0%
94
0%
95
0%
96
0%
97
0%
98
0%
Aucun quiz correspondant
Distribution des résultats
% des personnes avec chaque résultat
Percentile par nombre de réponses
Votre historique - résultats
Vous n’avez pas pris ce quiz